000 00520nam a2200205Ia 4500
999 _c3050
_d3050
020 _a0-393-97654-8
082 _a320.3 ONE-;
100 _aO'Neil, Patrick
245 0 _aEssentials of comparative politics
260 _aNew York
_bW.W. Norton and Company
_c2004
300 _axix, 322p.
504 _aIncludes index
650 _aGlobalization
650 _aComparative government
650 _aComparative politics
650 _aPolitical science
650 _aState, The
650 _aDemocracy
942 _cBK